Homonymes et verbe être (click quiz) - Statistiques

Statistiques générales
  • Ce quiz a été pris 203 fois
  • Le résultat moyen est 6 sur 9
Statistiques - réponses
Hint Réponse % Correct
Saison Eté
98%
Matière noire qui vient de la cheminée Suis
78%
Etendue d'eau Etant
71%
Tonneau Fut
69%
Roupillons Sommes
67%
Bruits Sont
67%
Fibre textile Sois
64%
Alignement d'arbres servant de clôture Est
48%
Soutenir quelque chose par des arguments, des preuves Etais
37%
Aucun quiz correspondant
Distribution des résultats
% des personnes avec chaque résultat
Percentile par nombre de réponses
Votre historique - résultats
Vous n’avez pas pris ce quiz